Газовая промышленность: научно-технический и производственный журнал

Dades bibliogràfiques
Autor corporatiu: Газпром (570)
Sumari:Печатная подписка на журнал (1956-2017 гг.) С 2019 г. журнал выписан в электронном виде. Доступ с платформы eLibrary.ru
Idioma:rus
Publicat: Москва, Камелот Паблишинг, 1956-
Matèries:
Accés en línia:Журнал на платформе eLIBRARY по подписке ТПУ
Официальный сайт журнала
Format: MixedMaterials Electrònic Publicació Periòdica
KOHA link:https://koha.lib.tpu.ru/cgi-bin/koha/opac-detail.pl?biblionumber=380599

MARC

LEADER 00000nas1a2200000 4500
001 380599
005 20231201095343.0
011 |a 0016-5581 
035 |a (RuTPU)RU\TPU\prd\1766 
035 |a RU\TPU\prd\668 
090 |a 380599 
100 |a 20020221a19569999k||y0rusy50 ca 
101 0 |a rus 
102 |a RU 
110 |a afaz|||0yy0 
200 1 |a Газовая промышленность  |e научно-технический и производственный журнал  |f Газпром 
210 |a Москва  |c Камелот Паблишинг  |d 1956- 
300 |a Печатная подписка на журнал (1956-2017 гг.) С 2019 г. журнал выписан в электронном виде. Доступ с платформы eLibrary.ru 
305 |a Издается с 1956 г. 
326 |a 16 номеров в год 
606 1 |a Газовая промышленность  |9 84583 
675 |a 622.324  |v 4  |z rus 
712 0 2 |a Газпром  |c (Москва)  |c (1989- )  |3 (RuTPU)RU\TPU\col\11  |4 570  |9 23124 
801 0 |a RU  |b 63413507  |c 20011210  |g PSBO 
801 2 |a RU  |b 63413507  |c 20220117  |g PSBO 
856 4 |u http://elibrary.ru/title_about.asp?id=7758  |z Журнал на платформе eLIBRARY по подписке ТПУ  
856 4 |u https://neftegas.info/magazines/gas-industry  |z Официальный сайт журнала 
942 |c CR